[Event "ROM-ch U12"]
[Site "Calimanesti Caciulata"]
[Date "2016.04.23"]
[Round "7"]
[White "Bobeanu, Stefan Valentin"]
[Black "Ilisei, Alexandru Stefan"]
[Result "1-0"]
[WhiteElo "1215"]
[BlackElo "1074"]
[PlyCount "69"]
[EventDate "2016.04.18"]
[EventType "swiss"]
[EventRounds "9"]
[EventCountry "ROU"]
[SourceTitle "CBM 172 Extra"]
[Source "ChessBase"]
[SourceDate "2016.06.21"]
[SourceVersion "1"]
[SourceVersionDate "2016.06.21"]
[SourceQuality "1"]

1. d4 e6 2. e4 d5 3. Nc3 dxe4 4. Nxe4 Nf6 5. Bg5 e5 6. Bxf6 gxf6 7. dxe5 Qxd1+ 8. Rxd1 fxe5 9. Nf6+ Ke7 10. Nd5+ Kd7 11. Nb6+ Ke8 12. Nxa8 Bd6 13. Bc4 Rg8 14. Bd5 c6 15. Bxf7+ Kxf7 16. Rxd6 Rxg2 17. Nf3 Ke7 18. Rh6 Bf5 19. Nh4 Rg5 20. Nxf5+ Rxf5 21. Rxh7+ Kf6 22. Rxb7 Na6 23. Nc7 Nc5 24. Ne8+ Kg6 25. Rg1+ Kh6 26. Rbg7 Rf8 27. R1g6+ Kh5 28. Nf6+ Rxf6 29. Rxf6 Ne4 30. Rf8 Kh6 31. Rg1 Kh7 32. Rf3 Ng5 33. Rxg5 Kh6 34. Rg2 Kh5 35. Rh3# 1-0